|
|
|
|
| LEADER |
01496nam a2200301 4500 |
| 001 |
42399 |
| 003 |
BD-DhAAL |
| 005 |
20240313120953.0 |
| 008 |
240313t2002 maua|||| |||| 00| 0 eng d |
| 082 |
|
|
|a 006.6869
|2 21
|
| 100 |
|
|
|a Laudon, Kenneth C.
|9 55373
|
| 245 |
|
|
|a Interactive computing series :
|b Microsoft PowerPoint 2002 /
|c Kenneth C. Laudon, Kenneth Rosenblatt, David Langley.
|
| 250 |
|
|
|a Brief ed.
|
| 264 |
|
|
|a Boston :
|b McGraw-Hill/Irwin,
|c 2001.
|
| 300 |
|
|
|a various pagings :
|b ill. (some col.) ;
|c 28 cm.
|
| 490 |
|
|
|a Interactive computing series
|
| 500 |
|
|
|a Includes index.
|
| 541 |
|
|
|a Donation from the Asia Foundation
|e 42397, 42398, 42399
|
| 630 |
|
|
|a Microsoft PowerPoint (Computer file)
|9 1235
|
| 650 |
|
|
|a Presentation graphics software.
|9 56146
|
| 700 |
|
|
|a Rosenblatt, Kenneth.
|9 55374
|
| 700 |
|
|
|a Langley, David
|9 55375
|
| 830 |
|
|
|a Interactive computing series
|9 55376
|
| 942 |
|
|
|2 ddc
|c BK
|
| 999 |
|
|
|c 46463
|d 46463
|
| 952 |
|
|
|0 0
|1 0
|2 ddc
|4 0
|6 006_686900000000000_LAU
|7 0
|9 75260
|a SCL
|b SCL
|c GEN
|d 2024-03-13
|e Donation from the Asia Foundation
|l 0
|o 006.6869 LAU
|p 3020042399
|r 2024-03-13
|t 1
|w 2024-03-13
|y BK
|
| 952 |
|
|
|0 0
|1 0
|2 ddc
|4 0
|6 006_686900000000000_LAU
|7 0
|9 75261
|a SCL
|b SCL
|c GEN
|d 2024-03-13
|e Donation from the Asia Foundation
|l 0
|o 006.6869 LAU
|p 3020042398
|r 2024-03-13
|t 2
|w 2024-03-13
|y BK
|
| 952 |
|
|
|0 0
|1 0
|2 ddc
|4 0
|6 006_686900000000000_LAU
|7 0
|9 75262
|a SCL
|b SCL
|c GEN
|d 2024-03-13
|e Donation from the Asia Foundation
|l 0
|o 006.6869 LAU
|p 3020042397
|r 2024-03-13
|t 3
|w 2024-03-13
|y BK
|